000 00327nam a22001217a 4500
008 230704b xxu||||| |||| 00| 0 eng d
020 _a9966941452
082 _a361.8
_bKHR 2006
245 _aKenya: A Citizen's Handbook on Community Policing
260 _bKenya Human Rights Commission
_c2006
300 _a36p
942 _2ddc
_cBK
999 _c3952
_d3952